| 000 | 00527nam a2200181 i 4500 | ||
|---|---|---|---|
| 001 | 47778 | ||
| 003 | ES-MaACL | ||
| 005 | 20240429131033.0 | ||
| 007 | t| | ||
| 008 | 030526s1917 fr ||||1| fre d | ||
| 100 | 1 |
_aBesse, Jean Martial Léon. _928598 |
|
| 245 | 1 | 0 |
_aJoris Karl Huysmans / _cpar le Réverend Père Dom Besse. |
| 260 |
_aParis : _bL'Art Catholique, _c1917. |
||
| 300 |
_a47 p. : _bil. ; _ccm. |
||
| 600 | 1 | 4 |
_aHuysmans, Joris-Karl, _d1848-1907 _964869 |
| 852 |
_aES-MaACL _j1589-F-8 |
||
| 999 |
_c47778 _d47778 |
||